La deshumanización del arte y otros ensayos de estética
Guardat en:
| Autor principal: | |
|---|---|
| Altres autors: | |
| Format: | Llibre |
| Idioma: | espanyol |
| Publicat: |
Madrid, España:
Espasa Calpe S. A.,
2007
|
| Edició: | Decimacuarta edición (segunda en esta presentación): |
| Col·lecció: | Ciencias y Humanidades,
13 |
| Matèries: | |
| Etiquetes: |
Afegir etiqueta
Sense etiquetes, Sigues el primer a etiquetar aquest registre!
|
MARC
| LEADER | 00000cam a2200000 a 4500 | ||
|---|---|---|---|
| 001 | UCE6273 | ||
| 003 | CL-VaPUC | ||
| 005 | 20221118175705.0 | ||
| 008 | 150402e20070000sp |||||||||||||||||spa|d | ||
| 999 | |c 358634 |d 358632 | ||
| 020 | |a 9788467022247 | ||
| 040 | |c Pontificia Universidad Católica de Valparaíso | ||
| 082 | 0 | 4 | |a 701.17 ORT 2007 |2 21 |
| 100 | |a Ortega y Gasset, José |e autor |9 878566 | ||
| 245 | 1 | 3 | |a La deshumanización del arte y otros ensayos de estética |
| 250 | |a Decimacuarta edición (segunda en esta presentación): |b 2-11-2007 | ||
| 260 | |a Madrid, España: |b Espasa Calpe S. A., |c 2007 | ||
| 300 | |a 201 páginas | ||
| 490 | 0 | |a Ciencias y Humanidades, |v 13 | |
| 583 | |a last modification |c 20150402 11:08:00 |k Rodrigo Vera | ||
| 650 | 0 | |a Estética |9 264950 | |
| 650 | 0 | |a Filosofía del arte |9 264951 | |
| 650 | 0 | |a Filosofía española |9 254895 | |
| 650 | 0 | |a Filósofos españoles |9 321894 | |
| 700 | |a Bozal, Valeriano |e introducción |9 878534 | ||
| 942 | |c BK |2 ddc | ||
| 945 | |d 20150402 11:08:00 |a dcastane | ||
| 952 | |0 0 |1 0 |3 erb |4 0 |6 701_170000000000000_ORT_2007 |7 0 |8 A |9 467469 |a BIBHIS |b BIBHIS |i 5144280 |o 701.17 ORT 2007 |p 5144280 |r 2025-01-20 |w 2019-11-23 |y BK |z Catalogado en:20150402 |k HIS | ||
| 952 | |0 0 |1 0 |2 ddc |4 0 |6 701_170000000000000_ORT_2007 |7 0 |8 A |9 580460 |a BIBEDU |b BIBEDU |c ES_NOD |d 2022-01-12 |e 3 |g 8042.00 |i 5637279 |l 3 |o 701.17 ORT 2007 |p 5637279 |r 2023-08-09 |s 2022-04-27 |t 2 |v 8042.00 |w 2022-01-12 |y BK |k LIT | ||
| 952 | |0 0 |1 0 |2 ddc |4 0 |6 701_170000000000000_ORT_2007 |7 0 |8 A |9 590779 |a BIBEDU |b BIBEDU |c ES_NOD |d 2023-07-10 |e 3 |g 10706.00 |i 5658014 |o 701.17 ORT 2007 |p 5658014 |r 2023-08-09 |t 3 |v 10706.00 |w 2023-07-10 |y BK |k LIT | ||